000
00328nam a22001457a 4500
020
_a
1-86019-543-1
082
_a
001
_b
BAX/H
100
_a
BAXTER, NICOLA
245
_a
HUMAN BODY PROJECT BOOK
260
_a
LONDON
_b
BROCKHAMPTON PRESS
300
_a
32
520
_a
SCIENCE QUIZ
650
_a
SCIENCE QUIZ
_z
LONDON
942
_c
BK
999
_c
5989
_d
5989